El público

Guardat en:
Dades bibliogràfiques
Autors principals: García Lorca, Federico (autor), Millán, María Clementa (Autor)
Format: Llibre
Idioma:espanyol
Publicat: Madrid Cátedra 1987
Col·lecció:Colección Letras Hispanicas
Matèries:
Etiquetes: Afegir etiqueta
Sense etiquetes, Sigues el primer a etiquetar aquest registre!

MARC

LEADER 00000nam a2200000 a 4500
001 UCW9310
003 CL-VaPUC
008 890308e19870000SP |||||||||||||||||spa|d
082 0 4 |a 862  |b GAR  |2 21 
100 |a García Lorca, Federico   |e autor   |9 315690 
700 0 |a Millán, María Clementa  |e author  |9 468355 
245 1 3 |a El público 
300 |a 189 p 
942 |c BK 
945 |d 19890308 00:00:00 
260 |a Madrid  |b Cátedra  |c 1987 
650 0 |a Teatro español  |9 265077 
583 |a last modification  |c 19890308 00:00:00  |k Rodrigo Vera 
490 0 |a Colección Letras Hispanicas 
999 |c 299875  |d 299873 
952 |0 0  |1 0  |4 0  |6 862_000000000000000_GAR_1987  |7 0  |8 A  |9 356870  |a FDOPOS  |b FDOPOS  |d 2019-11-21  |i 2830973  |o 862 GAR 1987  |p 2830973  |r 2025-01-22  |w 2019-11-21  |y BK  |k MLH